| 000 | 00803nam a22002897a 4500 | ||
|---|---|---|---|
| 003 | dpl | ||
| 005 | 20180619145808.0 | ||
| 008 | 180613b xxu||||| |||| 00| 0 eng d | ||
| 010 | _aB-181725 | ||
| 016 | _aB-181725 | ||
| 020 | _a817881049 | ||
| 035 | _aB-181725 | ||
| 037 | _bBPPD/PUB | ||
| 040 |
_aDPL _bEN _c0 |
||
| 050 | _a658.812 | ||
| 082 |
_a658.812 _bCLA |
||
| 100 | _4Claims Management vol.iv | ||
| 245 |
_aClaims management / _cby Board of editor |
||
| 260 |
_aHyderabad _bICFAI University Press _c2003 |
||
| 270 |
_a52, Nagarjuna Hills _bHyderabad _e500082 |
||
| 300 |
_avii,174,; _b22cm9(pbk) |
||
| 650 | _aInsurance claims -- Management. | ||
| 650 | _aInsurance | ||
| 700 | _aBoard of editor | ||
| 700 | _aU. Jawaharlal | ||
| 942 |
_2ddc _cEN _h658.812 _mCLA |
||
| 999 |
_c152838 _d152838 |
||